| 000 | 00539nam a2200181Ia 4500 | ||
|---|---|---|---|
| 003 | OSt | ||
| 005 | 20191219125220.0 | ||
| 008 | 190216s9999||||xx |||||||||||||| ||und|| | ||
| 020 | _a0706985680 | ||
| 040 | _coclc | ||
| 082 |
_a338.9 _bALA/I |
||
| 100 |
_aAlagh, Yoginder K _9579 |
||
| 245 | 0 |
_aIndian Development Palnning And Policy A Re-Evaluation / _cYoginder K Alagh |
|
| 260 |
_bVikas Publishing House, _c1995. _aDelhi: |
||
| 300 | _a351p | ||
| 650 | _aEconomics | ||
| 942 |
_cBK _2ddc _h338.9 _iALA/I _k338.9 _mALA/I |
||
| 999 |
_c9975 _d9975 |
||